The Hinduism Sarva Dharma Sambhaav (Record no. 211021)

MARC details
000 -LEADER
fixed length control field 00506nam a22001817a 4500
005 - DATE AND TIME OF LATEST TRANSACTION
control field 20250421112945.0
010 ## - LCCN (DPL NO)
LC control number ENG-144668
020 ## - INTERNATIONAL STANDARD BOOK NUMBER
Terms of availability 150.00
035 ## - SYSTEM CONTROL NUMBER
System control number EN-128200
037 ## - SOURCE OF ACQUISITION
Source of stock number/acquisition DBAD
082 ## - DEWEY DECIMAL CLASSIFICATION NUMBER
Classification number 181.499
100 ## - MAIN ENTRY--PERSONAL NAME
Personal name Sharma, Nath Triloki
245 ## - TITLE STATEMENT
Title The Hinduism Sarva Dharma Sambhaav
Statement of responsibility, etc Triloki Nath Sharma
Remainder of title (All Religions are equal - can co-exist)/
260 ## - PUBLICATION, DISTRIBUTION, ETC. (IMPRINT)
Date of publication, distribution, etc 2013
300 ## - PHYSICAL DESCRIPTION
Extent 281p.
Dimensions 20cm(Pbk)
700 ## - ADDED ENTRY--PERSONAL NAME
9 (RLIN) 77984
942 ## - ADDED ENTRY ELEMENTS (KOHA)
Source of classification or shelving scheme Dewey Decimal Classification
Item type English Books
Classification part 181.499
Call number suffix SHA
Edition 1st
Holdings
Withdrawn status Lost status Not for loan Collection code Home library Current library Date acquired Source of acquisition Cost, normal purchase price Full call number Barcode Copy number Cost, replacement price Koha item type
      Non-fiction Patel Nagar Patel Nagar 21/04/2025 DBAD 150.00 181.499 SHA EN-128200 1 150.00 English Books

© Delhi Public Library
Hit Counter
free hit counter